01133nab a22002297a 4500999001500000003000400015005001700019008004100036040000700077100003300084245015200117260007200269300001100341500003800352505019300390505008900583650002600672650001900698650003400717773013900751942001300890 c5719d5719OSt20251231170516.0190605e xxu||||| |||| 00| 0 spa d cPJ 94886aElmelaj, María Laura13aEl trabajador, a su suerte y el empleador, en su laberinto : bparadojas de la caducidad en el diseño de la ley 27.348 /cMaría Laura Elmelaj.  aCiudad Autónoma de Buenos Aires :bThomson Reuters La Ley,c2023. ap. 227 aCita: TR LALEY AR/DOC/254/2023.  aSumario: I. Introducción.— II. La prescripción transcurre antes del trámite administrativo.— III. Dos años de soledad.— IV. El empleador en su laberinto.— V. Conclusiones.  t¿Te interesa el texto completo? Solicitalo al correo: koha@justierradelfuego.gov.ar 091316aDERECHO LABORAL 095233aPANDEMIA 091570aDERECHOS DEL TRABAJADOR0 0271193168dCiudad Autónoma de Buenos Aires : Thomson Reuters La Ley, 1999-2002.tRevista de derecho del trabajo. Nº 2 - Marzo 2023 2udccANA